| 000 | 00471nam a2200193Ia 4500 | ||
|---|---|---|---|
| 005 | 20240823035057.0 | ||
| 008 | 240823s9999||||xx |||||||||||||| ||und|| | ||
| 020 | _a978-93-81639-00-9 | ||
| 041 | _aENGLISH | ||
| 082 | _A158.1 Q1 | ||
| 100 | _aRichard Norris | ||
| 245 | 0 | _aHoofit 7 Key Lessons on your Journey of Success | |
| 250 | _a1st | ||
| 260 |
_c2011 _bProlibris Publishing |
||
| 500 | _aYES | ||
| 650 |
_aNovel _bEnglish |
||
| 942 | _cBK | ||
| 999 |
_c199819 _d199819 |
||